000 00297nam a2200121Ia 4500
008 190216s9999||||xx |||||||||||||| ||und||
100 _aAbdulla T
245 0 _aBanking Theory And Practice Vol 2
260 _bAbdulla (author) Publisher
_c1980
300 _a184p
650 _aCommerce
942 _cBK
999 _c5167
_d5167